[Event "Grenke Open"]
[Site "?"]
[Date "2017.04.14"]
[Round "1.6"]
[White "Mueller, Michael"]
[Black "Moiseenko, Alexander"]
[Result "0-1"]
[WhiteElo "2146"]
[BlackElo "2670"]
[PlyCount "218"]
[EventDate "2017.??.??"]
[WhiteClock "0:25:40"]
[BlackClock "0:02:09"]

1. d4 Nf6 2. Nf3 e6 3. Bf4 c5 4. e3 b6 5. Nbd2 Be7 6. Bd3 Nc6 7. c3 Nh5 8. Bg3
Bb7 9. Qe2 a6 10. a3 Nxg3 11. hxg3 d5 12. b4 Qc7 13. bxc5 bxc5 14. O-O O-O 15.
e4 dxe4 16. Nxe4 cxd4 17. cxd4 Qa5 18. Rfb1 Rab8 19. Rb3 Qd5 20. Rab1 Ba8 21.
Rxb8 Rxb8 22. Rxb8+ Nxb8 23. Qb2 Nd7 24. Ned2 Qb7 25. Qc2 Nf6 26. Qa4 g6 27.
Bxa6 Qb2 28. Qc4 Bd5 29. Qc7 Qxa3 30. Bf1 Bd6 31. Qc8+ Kg7 32. Nc4 Bxc4 33.
Qxc4 Qb2 34. Qe2 Qb1 35. Qd3 Qc1 36. Nd2 Nd5 37. Ne4 Bb4 38. Qc4 Qa1 39. Nc5
Bc3 40. Nb3 Qb2 41. Bd3 Nb6 42. Qb5 Bxd4 43. Nxd4 Qxd4 44. Bf1 Nd5 45. Qd3 Qxd3
46. Bxd3 g5 47. g4 h6 48. g3 Kf6 49. Bh7 Ke5 50. Bg8 Kf6 51. Bh7 Ke7 52. Bd3
Nf6 53. f3 Kd6 54. Kf2 Ke5 55. Bc2 Kd4 56. Ba4 Nd5 57. Be8 f6 58. Bf7 Nc7 59.
Bg6 Nb5 60. Bf7 e5 61. Bg6 Nc3 62. Bh7 Nd1+ 63. Ke2 Ne3 64. Bg6 Nd5 65. Kf2 Nb6
66. Bh7 Nc4 67. Bg6 Kc3 68. Ke2 Kd4 69. Bh7 Na5 70. Kf2 Nb7 71. Ke2 Nd6 72. Bg6
e4 73. fxe4 Nxe4 74. Kf3 Nd2+ 75. Kf2 Nc4 76. Bf5 Ne3 77. Bc8 Nc4 78. Be6 Nd6
79. Kf3 Kd3 80. Bd5 Nb5 81. Be4+ Kd2 82. Bb7 Nd6 83. Bd5 Kd3 84. Be6 Kd4 85.
Bg8 Ne4 86. Bh7 Nd2+ 87. Ke2 Nc4 88. Bf5 Nd6 89. Bb1 Ne4 90. Bc2 Nxg3+ 91. Kf3
Nf1 92. Bg6 Nd2+ 93. Ke2 Nc4 94. Bf5 Ne3 95. Bc8 Ke4 96. Bd7 Kf4 97. Kf2 Nxg4+
98. Kg2 h5 99. Be8 Ne3+ 100. Kh3 g4+ 101. Kh2 h4 102. Bc6 f5 103. Bb7 Ke5 104.
Bc6 f4 105. Kg1 f3 106. Kf2 Kf4 107. Bb5 g3+ 108. Kg1 f2+ 109. Kh1 g2+ 0-1

[Event "Grenke Open"]
[Site "?"]
[Date "2017.04.14"]
[Round "1.5"]
[White "Volkov, Sergey"]
[Black "Hansch, Stephan"]
[Result "1-0"]
[WhiteElo "2631"]
[BlackElo "2142"]
[PlyCount "135"]
[EventDate "2017.??.??"]
[WhiteClock "0:20:35"]
[BlackClock "0:28:59"]

1. d4 Nf6 2. c4 c5 3. d5 b5 4. Nf3 bxc4 5. Nc3 g6 6. e4 d6 7. e5 dxe5 8. Nxe5
Bg7 9. Bxc4 O-O 10. O-O Nfd7 11. Nc6 Nxc6 12. dxc6 Nb6 13. Qxd8 Rxd8 14. Be2
Be5 15. Be3 c4 16. f4 Bxc3 17. bxc3 Be6 18. Rab1 Bd5 19. Bxb6 axb6 20. Rxb6
Rdc8 21. Bf3 Bxf3 22. Rxf3 Rxa2 23. Re3 Rd8 24. h4 Rdd2 25. Rg3 Ra7 26. f5 Rc7
27. fxg6 hxg6 28. Rg4 Rd6 29. Rxc4 Kg7 30. Kf2 e5 31. Ke3 Kf6 32. g4 Ke6 33. g5
Kd5 34. Ra4 Rdxc6 35. Rxc6 Rxc6 36. c4+ Ke6 37. Ke4 Kd6 38. Kd3 Ke6 39. Kc3 Kf5
40. Ra7 Ke6 41. Ra8 Rc7 42. Kb4 Re7 43. Kc5 Kf5 44. Kd6 Re6+ 45. Kd7 e4 46. c5
e3 47. Ra1 e2 48. Re1 Kg4 49. c6 Re3 50. c7 Rd3+ 51. Ke8 Rc3 52. Rxe2 Rxc7 53.
Re4+ Kf5 54. Re7 Rc8+ 55. Kd7 Rc7+ 56. Ke8 Rc8+ 57. Kd7 Rc7+ 58. Ke8 Rc8+ 59.
Kd7 Kg4 60. Re1 Rh8 61. Rh1 Rh7 62. Ke8 Kf5 63. Rf1+ Ke6 64. Rf6+ Ke5 65. Kf8
Rxh4 66. Kxf7 Rg4 67. Kxg6 Rg1 68. Rf2 1-0

[Event "Grenke Open"]
[Site "?"]
[Date "2017.04.14"]
[Round "1.6"]
[White "Nent, Alexander"]
[Black "Demchenko, Anton"]
[Result "1/2-1/2"]
[WhiteElo "2142"]
[BlackElo "2628"]
[PlyCount "118"]
[EventDate "2017.??.??"]
[WhiteClock "0:07:19"]
[BlackClock "0:18:39"]

1. Nf3 Nf6 2. g3 g6 3. b3 Bg7 4. Bb2 O-O 5. Bg2 d6 6. d4 Nbd7 7. O-O Re8 8. c4
e5 9. Nc3 c6 10. dxe5 dxe5 11. Ng5 Qe7 12. Nge4 Nxe4 13. Nxe4 f5 14. Nd6 Rd8
15. Nxc8 Raxc8 16. e4 f4 17. Bh3 Rb8 18. Qc2 Nc5 19. Rad1 h5 20. b4 Ne6 21.
Bxe6+ Qxe6 22. Qb3 a6 23. c5 Qxb3 24. axb3 f3 25. h3 Kf7 26. Rfe1 Ke6 27. Bc1
Rd4 28. Bb2 Rdd8 29. Bc1 Bf6 30. Be3 Be7 31. h4 Ra8 32. Kh2 Rh8 33. Rd3 a5 34.
bxa5 Rxa5 35. Rc1 Rd8 36. Rxd8 Bxd8 37. Rc3 Ra2 38. Kh3 Be7 39. g4 Ra1 40. Bc1
Bd8 41. b4 Rb1 42. Rc4 Bf6 43. g5 Bd8 44. Kg3 Kd7 45. Kxf3 b5 46. cxb6 Bxb6 47.
Kg2 Rb3 48. Bd2 Rb2 49. Be1 Bd4 50. Kf1 Rb3 51. Kg2 Rb1 52. Kf1 Rb3 53. Kg2 Rd3
54. Rc2 Rd1 55. Kf1 Rd3 56. Kg2 Rd1 57. Kf1 Rd3 58. Kg2 Rd1 59. Kf1 Rd3 1/2-1/2

[Event "Grenke Open"]
[Site "?"]
[Date "2017.04.14"]
[Round "1.10"]
[White "Goossens, Hanne"]
[Black "Bosiocic, Marin"]
[Result "0-1"]
[WhiteElo "2138"]
[BlackElo "2610"]
[PlyCount "100"]
[EventDate "2017.??.??"]
[WhiteClock "0:08:24"]
[BlackClock "0:53:19"]

1. e4 c5 2. Nf3 e6 3. d4 cxd4 4. Nxd4 Nc6 5. Nc3 Qc7 6. Be3 a6 7. Be2 Nf6 8.
O-O Be7 9. Kh1 O-O 10. f4 d6 11. Qe1 Nxd4 12. Bxd4 b5 13. e5 dxe5 14. fxe5 Nd7
15. Ne4 Bb7 16. Nf6+ Nxf6 17. exf6 Bxf6 18. Rxf6 Rfd8 19. Rd1 gxf6 20. Qh4 e5
21. Be3 Qxc2 22. Re1 Qe4 23. Qh3 Kh8 24. Bf3 Qb4 25. Rf1 Qc4 26. Rc1 Qe6 27.
Qxe6 fxe6 28. Bxb7 Rab8 29. Bf3 Rbc8 30. Rxc8 Rxc8 31. Bd1 Kg7 32. Kg1 f5 33.
Kf2 Kf6 34. Ke2 f4 35. Bd2 Kf5 36. g3 h5 37. Kf2 h4 38. gxh4 e4 39. Bc3 e5 40.
h3 e3+ 41. Kg2 Rg8+ 42. Bg4+ Ke4 43. h5 f3+ 44. Kg3 Rf8 45. Bb4 f2 46. Be2 f1=Q
47. Bxf1 Rxf1 48. Kg2 Rf6 49. Kg3 Rf1 50. h6 Rf6 0-1

[Event "Grenke Open"]
[Site "?"]
[Date "2017.04.14"]
[Round "1.12"]
[White "Gress, Alexander"]
[Black "Saric, Ivan"]
[Result "0-1"]
[WhiteElo "2136"]
[BlackElo "2609"]
[PlyCount "123"]
[EventDate "2017.??.??"]
[WhiteClock "0:00:14"]
[BlackClock "0:16:47"]

1. e4 c5 2. Nf3 e6 3. d4 cxd4 4. Nxd4 Nc6 5. Nb5 d6 6. c4 Nf6 7. N1c3 a6 8. Na3
Be7 9. Be2 O-O 10. Be3 b6 11. O-O Bb7 12. f4 Rc8 13. Bf3 Ba8 14. Qe2 Qc7 15.
Qf2 Nd7 16. Rac1 Qb8 17. Rfd1 Rfd8 18. Be2 Nc5 19. Nc2 Bf6 20. e5 dxe5 21. b4
Nd7 22. Ne4 Be7 23. c5 bxc5 24. Bxa6 Bb7 25. Bxb7 Qxb7 26. Nxc5 Nxc5 27. Bxc5
Bxc5 28. bxc5 exf4 29. Qxf4 Qa7 30. Ne3 Rxd1+ 31. Nxd1 Qxa2 32. Nc3 Qb3 33. Ne4
Qb4 34. Qe3 Qb2 35. Nd6 Ra8 36. Rf1 Ra1 37. Rxa1 Qxa1+ 38. Kf2 Qb2+ 39. Kf1 h6
40. h3 Kf8 41. Kg1 Qa1+ 42. Kf2 Qb2+ 43. Kg1 Qd4 44. Kf2 Qxe3+ 45. Kxe3 Ke7 46.
Kd3 Ne5+ 47. Kc3 Kd7 48. Kd4 f6 49. Nb7 h5 50. Nd6 h4 51. Nb7 Nc6+ 52. Kc4 f5
53. Nd6 g5 54. Nf7 g4 55. hxg4 fxg4 56. Ng5 Ke7 57. Kb5 Nd4+ 58. Kc4 Nf5 59.
Kd3 Kf6 60. Ne4+ Ke5 61. c6 Ne7 62. c7 0-1

[Event "Grenke Open"]
[Site "?"]
[Date "2017.04.14"]
[Round "1.15"]
[White "Potkin, Vladimir"]
[Black "Spiegel, Stefan"]
[Result "1/2-1/2"]
[WhiteElo "2594"]
[BlackElo "2135"]
[PlyCount "90"]
[EventDate "2017.??.??"]
[WhiteClock "0:24:31"]
[BlackClock "1:11:00"]

1. c4 Nf6 2. Nc3 e5 3. Nf3 Nc6 4. g3 Bb4 5. Bg2 O-O 6. O-O Bxc3 7. bxc3 Re8 8.
Ne1 d6 9. e4 a6 10. a4 Rb8 11. d3 b5 12. cxb5 axb5 13. axb5 Rxb5 14. f4 Bg4 15.
Qc2 exf4 16. gxf4 Bd7 17. Nf3 Qb8 18. h3 Nh5 19. Kh2 Na5 20. c4 Nb3 21. cxb5
Nxa1 22. Qc3 Qxb5 23. Qxa1 Qxd3 24. Qd4 Qc2 25. Ne5 Ba4 26. Nxf7 Bb3 27. Nh6+
gxh6 28. Bb2 Kf7 29. Rc1 c5 30. Rxc2 cxd4 31. Rd2 Rc8 32. Bxd4 Rc2 33. Be3 Nf6
34. Rxc2 Bxc2 35. e5 dxe5 36. fxe5 Ne4 37. Bxh6 Ke6 38. Bg7 Kf7 39. Bh6 Ke6 40.
Bg7 Kf7 41. Bh8 Kg8 42. Bxe4 Bxe4 43. Bf6 Kf7 44. Kg3 Ke6 45. Kf4 Bb1 1/2-1/2

[Event "Grenke Open"]
[Site "?"]
[Date "2017.04.14"]
[Round "1.18"]
[White "Leibbrand, Udo"]
[Black "Indjic, Aleksandar"]
[Result "0-1"]
[WhiteElo "2131"]
[BlackElo "2589"]
[PlyCount "108"]
[EventDate "2017.??.??"]
[WhiteClock "0:17:27"]
[BlackClock "0:52:32"]

1. c4 e5 2. Nc3 Nf6 3. Nf3 Nc6 4. e3 Bb4 5. Qc2 Bxc3 6. bxc3 e4 7. Ng5 d5 8. f3
exf3 9. Nxf3 Bg4 10. Be2 O-O 11. cxd5 Qxd5 12. c4 Qe4 13. Qxe4 Nxe4 14. d3 Nc3
15. Bd2 Nxe2 16. Kxe2 Rad8 17. Rab1 b6 18. Bc3 Rfe8 19. Rhd1 Rd6 20. Kf2 Red8
21. d4 Bxf3 22. gxf3 Ne5 23. d5 Nxc4 24. Rb4 b5 25. Rxb5 Nb6 26. Ra5 Nxd5 27.
Bd4 Nb4 28. Rg1 f6 29. Rxa7 Rc6 30. Rb1 Rc2+ 31. Kg3 Nc6 32. Ra4 Rd5 33. h4 Kf7
34. Rb2 Rc1 35. Rb7 Nd8 36. Rba7 Ne6 37. R4a5 Rd8 38. Ra4 Rb8 39. f4 Kg6 40.
R4a5 c5 41. Re7 Nxd4 42. exd4 Rc3+ 43. Kf2 cxd4 44. Re2 Rh3 45. Kg2 Rxh4 46.
Kg3 Rh1 47. Rd2 Rc1 48. Rxd4 Rc3+ 49. Kg4 Rb2 50. f5+ Kh6 51. a4 Rg2+ 52. Kf4
Rf2+ 53. Kg4 g5 54. fxg6 hxg6 0-1

[Event "Grenke Open"]
[Site "?"]
[Date "2017.04.14"]
[Round "1.21"]
[White "Graf, Alexander"]
[Black "Czybik, Nils Patrick"]
[Result "1/2-1/2"]
[WhiteElo "2577"]
[BlackElo "2128"]
[PlyCount "97"]
[EventDate "2017.??.??"]
[WhiteClock "0:27:00"]
[BlackClock "0:20:06"]

1. d4 e6 2. c4 Nf6 3. Nc3 Bb4 4. e3 O-O 5. Bd3 d5 6. Nf3 c5 7. O-O dxc4 8. Bxc4
Nbd7 9. Qc2 a6 10. a3 Bxc3 11. bxc3 b5 12. Be2 Bb7 13. c4 bxc4 14. Qxc4 Bd5 15.
Qc2 cxd4 16. Nxd4 Qc8 17. Qd1 Ne4 18. Bd2 Nc3 19. Bxc3 Qxc3 20. Qc1 Rfc8 21.
Qxc3 Rxc3 22. Rfc1 Rxc1+ 23. Rxc1 Kf8 24. f3 Ke7 25. e4 Bb7 26. Rc7 Bc8 27. Kf2
Kd8 28. Rc2 Bb7 29. Nc6+ Bxc6 30. Rxc6 Nb8 31. Rc4 Ra7 32. e5 Rc7 33. Rg4 g6
34. Rh4 Ke7 35. Rxh7 Rc3 36. a4 Ra3 37. Rh4 Nd7 38. Bxa6 Nxe5 39. Re4 Kd6 40.
h4 f5 41. Rb4 Kc5 42. Rb5+ Kd4 43. Rb6 Rxa4 44. Rxe6 Kd5 45. Rb6 Rxh4 46. Kg3
g5 47. Rf6 f4+ 48. Kf2 Rh7 49. Be2 1/2-1/2

[Event "Grenke Open"]
[Site "?"]
[Date "2017.04.14"]
[Round "1.22"]
[White "Keetman, Maaike"]
[Black "Heimann, Andreas"]
[Result "1/2-1/2"]
[WhiteElo "2127"]
[BlackElo "2577"]
[PlyCount "65"]
[EventDate "2017.??.??"]
[WhiteClock "0:09:30"]
[BlackClock "0:12:00"]

1. e4 c5 2. Nf3 d6 3. d4 cxd4 4. Nxd4 Nf6 5. Nc3 a6 6. h3 e5 7. Nde2 h5 8. g3
Be6 9. Bg2 b5 10. O-O Nbd7 11. Nd5 Rc8 12. Nec3 Bxd5 13. Nxd5 Nxd5 14. exd5 g6
15. a4 Bg7 16. Qe2 O-O 17. axb5 axb5 18. Qxb5 Rxc2 19. Ra6 Rc5 20. Qb4 Nf6 21.
Rd1 e4 22. Bg5 Qc7 23. Qb6 Nxd5 24. Qxd6 Nb4 25. Qxc7 Rxc7 26. Rb6 Nd3 27. Bxe4
Nxb2 28. Rb1 Na4 29. Rc6 Rfc8 30. Rxc7 Rxc7 31. Rb8+ Kh7 32. Rb7 Rxb7 33. Bxb7
1/2-1/2

[Event "Grenke Open"]
[Site "?"]
[Date "2017.04.14"]
[Round "1.25"]
[White "Markowski, Tomasz"]
[Black "Daverkausen, Bernd"]
[Result "1-0"]
[WhiteElo "2574"]
[BlackElo "2126"]
[PlyCount "109"]
[EventDate "2017.??.??"]
[WhiteClock "1:15:43"]
[BlackClock "0:00:02"]

1. g3 g6 2. Bg2 Bg7 3. c4 e5 4. Nc3 d6 5. d3 c6 6. e4 Nf6 7. Nge2 O-O 8. O-O
Nbd7 9. h3 a6 10. Be3 b5 11. Qd2 Rb8 12. f4 Bb7 13. g4 exf4 14. Bxf4 Ne5 15. b3
b4 16. Na4 c5 17. Rad1 Qe7 18. Rf2 Nfd7 19. Bg5 Qe8 20. Rdf1 Nc6 21. Be3 Nd8
22. Nf4 Ne6 23. Nd5 Nd4 24. Nb2 a5 25. g5 Bxd5 26. cxd5 Nb6 27. Rf6 Qe7 28.
Bxd4 cxd4 29. h4 Nd7 30. R6f2 f6 31. Bh3 Ne5 32. Be6+ Kh8 33. Nc4 fxg5 34. Nxe5
Bxe5 35. Rf7 Rxf7 36. Rxf7 Qd8 37. Qxg5 Qxg5+ 38. hxg5 Bg7 39. Rd7 Be5 40. Rf7
Bg7 41. Ra7 Be5 42. Rxa5 Bf4 43. Ra6 Rd8 44. Rb6 Bxg5 45. Rxb4 Rf8 46. Kg2 Be3
47. a4 Kg7 48. a5 Rf2+ 49. Kg3 h5 50. Rb7+ Kh6 51. Rf7 Ra2 52. e5 dxe5 53. b4
Rb2 54. a6 Bf4+ 55. Kf3 1-0

[Event "Grenke Open"]
[Site "?"]
[Date "2017.04.14"]
[Round "1.28"]
[White "Thomas, Ingo"]
[Black "Svane, Rasmus"]
[Result "0-1"]
[WhiteElo "2126"]
[BlackElo "2573"]
[PlyCount "116"]
[EventDate "2017.??.??"]
[WhiteClock "0:16:34"]
[BlackClock "0:08:44"]

1. e4 c6 2. d4 d5 3. e5 Bf5 4. Nf3 e6 5. Be2 Ne7 6. Nbd2 c5 7. dxc5 Nec6 8. Nb3
Bxc5 9. Nxc5 Qa5+ 10. c3 Qxc5 11. O-O Nd7 12. Bf4 Qb6 13. Qb3 O-O 14. Qxb6 axb6
15. Bb5 Be4 16. Rfe1 Nc5 17. Bg3 Rfc8 18. Nd4 Bd3 19. Nxc6 bxc6 20. Bxd3 Nxd3
21. Re2 Nc5 22. a3 b5 23. f3 Rab8 24. Rd1 Nd7 25. Bf2 Re8 26. Rde1 Rbc8 27. g4
c5 28. Kg2 Rc6 29. h4 f6 30. Bg3 Kf7 31. h5 Rb6 32. Rc1 Rc6 33. Rce1 Ra8 34.
Rd1 fxe5 35. Bxe5 Nxe5 36. Rxe5 b4 37. f4 bxa3 38. bxa3 Rxa3 39. f5 Rxc3 40.
fxe6+ Rxe6 41. Rf5+ Ke7 42. Rdxd5 c4 43. Rc5 g6 44. Rf4 Re2+ 45. Kf1 Rec2 46.
Rc7+ Kd6 47. Rxh7 Rb3 48. Rf2 Rb1+ 49. Kg2 Rxf2+ 50. Kxf2 c3 51. hxg6 c2 52. g7
c1=Q 53. g8=Q Qf4+ 54. Ke2 Rb2+ 55. Kd3 Rd2+ 56. Kc3 Qd4+ 57. Kb3 Rb2+ 58. Ka3
Qb4# 0-1

[Event "Grenke Open"]
[Site "?"]
[Date "2017.04.14"]
[Round "1.31"]
[White "Stocek, Jiri"]
[Black "Baudot, Denis"]
[Result "1-0"]
[WhiteElo "2560"]
[BlackElo "2124"]
[PlyCount "111"]
[EventDate "2017.??.??"]
[WhiteClock "0:02:54"]
[BlackClock "0:01:31"]

1. d4 g6 2. e4 Bg7 3. Be3 d6 4. Qd2 Nd7 5. c4 b6 6. Nc3 e6 7. Bd3 Bb7 8. Nge2
a6 9. Bc2 Ne7 10. Bh6 Bxh6 11. Qxh6 Ng8 12. Qe3 Qe7 13. f4 f5 14. O-O-O O-O-O
15. Rhe1 Ndf6 16. Ng3 Qf8 17. exf5 exf5 18. Ba4 Kb8 19. d5 Ng4 20. Qd2 Nxh2 21.
Nge2 Ng4 22. Nd4 Qf7 23. Re2 N4f6 24. Rde1 h6 25. Nc6+ Bxc6 26. Bxc6 Nd7 27.
Nb5 Ngf6 28. Re7 Qf8 29. Qe3 Qxe7 30. Qxe7 Rde8 31. Nd4 Rxe7 32. Rxe7 Kc8 33.
Rg7 Nf8 34. Rf7 N8d7 35. Ne6 Rg8 36. Kc2 g5 37. fxg5 hxg5 38. Bxd7+ Nxd7 39.
Rxf5 Ne5 40. Kc3 g4 41. Rh5 c6 42. dxc6 Nxc6 43. Rh7 Ne5 44. Kd4 g3 45. Kd5 Rg6
46. b3 Nd3 47. a3 Kb8 48. Nf8 Rg8 49. Nd7+ Kc8 50. Nf6 Rg6 51. Ke6 Rg5 52. Kxd6
Rf5 53. Ne4 Re5 54. Kc6 Kd8 55. Nd6 Re6 56. Rd7# 1-0

[Event "Grenke Open"]
[Site "?"]
[Date "2017.04.14"]
[Round "1.32"]
[White "Karsay, Pascal"]
[Black "Sumets, Andrey"]
[Result "0-1"]
[WhiteElo "2123"]
[BlackElo "2559"]
[PlyCount "104"]
[EventDate "2017.??.??"]
[WhiteClock "0:02:54"]
[BlackClock "0:03:28"]

1. e4 e6 2. d4 d5 3. Nc3 Nf6 4. e5 Nfd7 5. f4 c5 6. Nf3 Nc6 7. Be3 a6 8. Qd2 b5
9. a3 Bb7 10. Bd3 Qb6 11. Qf2 c4 12. Be2 b4 13. axb4 Nxb4 14. Rc1 Be7 15. O-O
O-O 16. h4 a5 17. h5 a4 18. Ng5 h6 19. Nf3 a3 20. bxa3 Rxa3 21. Nb1 Ra2 22. Ne1
f6 23. Nd2 fxe5 24. dxe5 Qxe3 25. Qxe3 Bc5 26. Qxc5 Nxc5 27. g3 Rfa8 28. Ndf3
R8a3 29. g4 Rc3 30. Bd1 Rb2 31. Nd4 Nb3 32. Ne2 Nxc1 33. Nxc3 Bc6 34. Nf3 Nca2
35. Nxa2 Rxa2 36. Nd4 c3 37. Nxe6 Bb5 38. Re1 Ba4 39. Nd4 Bxc2 40. Be2 Ba4 41.
Rb1 Rb2 42. Ra1 Ra2 43. Rb1 Nc6 44. Nxc6 Rxe2 45. Rb8+ Kh7 46. Nd4 Rb2 47. Rc8
c2 48. Ne6 Rb1+ 49. Kf2 c1=Q 50. Nf8+ Kg8 51. Ng6+ Qxc8 52. g5 hxg5 0-1

[Event "Grenke Open"]
[Site "?"]
[Date "2017.04.14"]
[Round "1.33"]
[White "Ruck, Robert"]
[Black "Osswald, Luis Monty"]
[Result "1-0"]
[WhiteElo "2557"]
[BlackElo "2123"]
[PlyCount "157"]
[EventDate "2017.??.??"]
[WhiteClock "0:00:16"]
[BlackClock "0:08:24"]

1. Nf3 Nf6 2. c4 c5 3. Nc3 e6 4. g3 b6 5. Bg2 Bb7 6. O-O d6 7. Re1 Nbd7 8. e4
a6 9. d4 cxd4 10. Nxd4 Qc7 11. Be3 Be7 12. f4 g6 13. Rc1 h5 14. h3 O-O 15. Bf2
Rac8 16. b3 Qb8 17. Qe2 Qa8 18. Bf3 e5 19. Nc2 exf4 20. gxf4 Rfe8 21. Nb4 Bf8
22. Bd4 Bh6 23. Nd3 d5 24. cxd5 Nxd5 25. Nxd5 Bxd5 26. Rxc8 Qxc8 27. Qg2 Bb7
28. Bxh5 Bg7 29. Bxg7 Kxg7 30. Bg4 Qc3 31. Qb2 Qxb2 32. Nxb2 Nc5 33. e5 Rd8 34.
Nc4 Rd4 35. Nxb6 Rxf4 36. Nc4 Rd4 37. Rd1 Re4 38. Bf3 Rxc4 39. Bxb7 Rc2 40. Bd5
a5 41. a3 f6 42. b4 axb4 43. axb4 fxe5 44. bxc5 Rxc5 45. Kg2 Ra5 46. Rd3 Ra4
47. Re3 Kf6 48. Be4 Ra6 49. Kf3 Ra1 50. Rb3 Ra6 51. Bd3 Rc6 52. Rb4 Rd6 53. Ke3
Rc6 54. Rg4 Kg7 55. Rg5 Re6 56. Ke4 Kh6 57. Rg3 Rb6 58. Kxe5 Rc6 59. Be4 Ra6
60. Bd5 Rb6 61. Bc4 Rc6 62. Be6 Rc1 63. Bd5 Rc5 64. Ke6 Ra5 65. Be4 Ra6+ 66.
Ke5 Ra5+ 67. Kf4 Ra6 68. Rc3 Rb6 69. Bc6 Ra6 70. Ke5 Rb6 71. Kf6 Ra6 72. Rc4
Kh5 73. Ke7 Kh6 74. Bd7 Ra7 75. Kf6 Ra5 76. Rh4+ Rh5 77. Rg4 g5 78. Re4 Kh7 79.
Bf5+ 1-0

[Event "Grenke Open"]
[Site "?"]
[Date "2017.04.14"]
[Round "1.34"]
[White "Farmani Anosheh, Yasha"]
[Black "Donchenko, Alexander"]
[Result "1/2-1/2"]
[WhiteElo "2122"]
[BlackElo "2554"]
[PlyCount "109"]
[EventDate "2017.??.??"]
[WhiteClock "0:01:27"]
[BlackClock "0:08:17"]

1. Nf3 Nf6 2. g3 b5 3. Bg2 Bb7 4. O-O e6 5. d4 c5 6. c3 Be7 7. a4 cxd4 8. cxd4
b4 9. Nbd2 a5 10. Re1 d5 11. Nb3 Nbd7 12. Bf4 Qb6 13. Rc1 Bc6 14. Nbd2 O-O 15.
Ne5 Nxe5 16. Bxe5 Rfc8 17. e4 Qb7 18. exd5 Bxd5 19. Bxd5 Qxd5 20. Qf3 Qxf3 21.
Nxf3 Nd5 22. Nd2 Nb6 23. b3 Rc3 24. Nc4 Nd5 25. Rb1 h5 26. Bf4 Nxf4 27. gxf4
Rd8 28. f5 Rxd4 29. fxe6 h4 30. Nxa5 h3 31. exf7+ Kxf7 32. Re3 Bg5 33. Re2 Rg4+
34. Kh1 Rg2 35. Nc4 Bf4 36. Ne3 Bxe3 37. Rxe3 Rxf2 38. Rg3 g5 39. Rxg5 Rcc2 40.
Rg3 Rxh2+ 41. Kg1 Kf6 42. Rf1+ Ke5 43. Rff3 Rhg2+ 44. Rxg2 hxg2 45. Rg3 Rb2 46.
Rh3 Kd5 47. Rg3 Ke4 48. Rh3 Kf4 49. Rd3 Rc2 50. Rd4+ Ke3 51. Rxb4 Rb2 52. Rb8
Kf3 53. Rf8+ Kg3 54. Rg8+ Kf3 55. Rf8+ 1/2-1/2

[Event "Grenke Open"]
[Site "?"]
[Date "2017.04.14"]
[Round "1.35"]
[White "Martinovic, Sasa"]
[Black "Eber, Fabian"]
[Result "1-0"]
[WhiteElo "2551"]
[BlackElo "2121"]
[PlyCount "93"]
[EventDate "2017.??.??"]
[WhiteClock "0:19:10"]
[BlackClock "0:19:02"]

1. d4 d5 2. c4 c6 3. Nc3 Nf6 4. e3 e6 5. Nf3 Ne4 6. Bd3 f5 7. Ne5 g6 8. O-O Nd7
9. Nxd7 Bxd7 10. f3 Nxc3 11. bxc3 Bd6 12. a4 Qh4 13. h3 O-O 14. Ba3 Bxa3 15.
Rxa3 b6 16. Qe2 g5 17. a5 dxc4 18. Bxc4 b5 19. Bb3 h5 20. Raa1 Kg7 21. Rae1 g4
22. Qf2 Qxf2+ 23. Kxf2 gxh3 24. gxh3 Kf6 25. h4 Rg8 26. Rg1 Rac8 27. Ke2 c5 28.
Kd2 b4 29. Rxg8 bxc3+ 30. Kd3 Rxg8 31. dxc5 Rc8 32. Kc4 e5 33. Kb4 Rb8+ 34.
Kxc3 Rb5 35. Rd1 Rxc5+ 36. Kb4 Rc7 37. Rd6+ Ke7 38. Rh6 Rc1 39. Rxh5 Rf1 40.
Kc5 Rc1+ 41. Kb4 Rf1 42. Rh7+ Kd6 43. Rh6+ Kc7 44. Kc5 Rxf3 45. Rh7 Kc8 46. Kd6
Rxe3 47. Bd5 1-0

[Event "Grenke Open"]
[Site "?"]
[Date "2017.04.14"]
[Round "2.5"]
[White "Rietze, Clemens"]
[Black "Fedoseev, Vladimir"]
[Result "0-1"]
[WhiteElo "2313"]
[BlackElo "2684"]
[PlyCount "88"]
[EventDate "2017.??.??"]
[WhiteClock "0:28:38"]
[BlackClock "1:15:30"]

1. d4 Nf6 2. c4 e6 3. Nc3 Bb4 4. e3 O-O 5. Nge2 c6 6. a3 Ba5 7. b4 Bc7 8. e4 d5
9. e5 Ne8 10. Ng3 f6 11. exf6 Qxf6 12. Be3 Nd7 13. Bd3 Nd6 14. O-O Qh4 15. Qe2
Nf6 16. f3 dxc4 17. Bxc4 Nd5 18. Nxd5 exd5 19. Bd3 Bd7 20. Bf2 Qf6 21. Rfe1 g6
22. Qe7 Qxe7 23. Rxe7 Rf7 24. Rxf7 Kxf7 25. Ne2 a5 26. Be1 Bf5 27. Rd1 Bxd3 28.
Rxd3 Nc4 29. Rb3 b5 30. Kf2 g5 31. Nc1 Bf4 32. Ne2 Bd6 33. Nc1 h5 34. Na2 a4
35. Rc3 Bxh2 36. g3 Re8 37. Rc1 h4 38. gxh4 gxh4 39. Kf1 Ne3+ 40. Kf2 Nc4 41.
Kf1 h3 42. Nc3 Bf4 43. Ra1 h2 44. Kg2 Rg8+ 0-1

[Event "Grenke Open"]
[Site "?"]
[Date "2017.04.14"]
[Round "2.6"]
[White "Moiseenko, Alexander"]
[Black "Schoorl, Rob"]
[Result "1-0"]
[WhiteElo "2670"]
[BlackElo "2309"]
[PlyCount "101"]
[EventDate "2017.??.??"]
[WhiteClock "0:15:55"]
[BlackClock "0:06:44"]

1. d4 g6 2. e4 Bg7 3. Nc3 c6 4. Nf3 d6 5. Bc4 Nf6 6. Bb3 Bg4 7. e5 Nd5 8. h3
Bxf3 9. Qxf3 e6 10. Ne4 dxe5 11. dxe5 O-O 12. Qg3 Nd7 13. f4 f6 14. c4 Ne7 15.
exf6 Nxf6 16. Nxf6+ Bxf6 17. O-O Nf5 18. Qf3 e5 19. Kh2 Qc7 20. Bd2 Rae8 21.
Rae1 Bh4 22. c5+ Kg7 23. Rxe5 Rxe5 24. Bc3 Bf6 25. fxe5 Bxe5+ 26. Kg1 Qe7 27.
Bxe5+ Qxe5 28. Qc3 Qxc3 29. bxc3 Re8 30. g4 Nh6 31. Rd1 Re7 32. Kf2 Nf7 33.
Bxf7 Kxf7 34. h4 Ke8 35. Kf3 Re5 36. Rb1 Rxc5 37. Rxb7 h5 38. g5 Rxc3+ 39. Ke4
Kf8 40. Ke5 Rf3 41. Rxa7 Rf5+ 42. Ke6 Rf4 43. a4 Rxh4 44. a5 Ra4 45. a6 h4 46.
Kf6 Ke8 47. Re7+ Kd8 48. a7 Kc8 49. Kxg6 h3 50. Rh7 c5 51. Kf5 1-0

[Event "Grenke Open"]
[Site "?"]
[Date "2017.04.14"]
[Round "2.10"]
[White "Grandelius, Nils"]
[Black "Eichler, Christoph"]
[Result "1-0"]
[WhiteElo "2641"]
[BlackElo "2304"]
[PlyCount "93"]
[EventDate "2017.??.??"]
[WhiteClock "0:19:11"]
[BlackClock "0:25:30"]

1. e4 e5 2. Nf3 Nc6 3. Bc4 Nf6 4. d3 Be7 5. O-O O-O 6. Re1 d6 7. a4 Na5 8. Ba2
c5 9. c3 Nc6 10. Na3 h6 11. Bd2 a6 12. h3 Rb8 13. Nc2 Re8 14. b4 cxb4 15. cxb4
b5 16. axb5 axb5 17. d4 Bf8 18. Qb1 Bb7 19. d5 Ne7 20. Bb3 Ng6 21. Ra5 Bc8 22.
Na3 Bd7 23. Qd3 Nf4 24. Bxf4 exf4 25. Nxb5 Rxe4 26. Rxe4 Nxe4 27. Qxe4 Rxb5 28.
Rxb5 Bxb5 29. Nd4 Qb6 30. Qxf4 g6 31. Nc6 Qa6 32. Kh2 Qa3 33. Bc4 g5 34. Qe4
Qa6 35. Bxb5 Qxb5 36. Kg3 Qa6 37. h4 gxh4+ 38. Kxh4 Qf1 39. Kg3 Qb5 40. Kh3 Qf1
41. Kg3 Qb5 42. Qf5 Qa6 43. Nd8 Qa7 44. b5 Bg7 45. Kh3 Qc7 46. Nc6 Qb6 47. Qc8+
1-0

[Event "Grenke Open"]
[Site "?"]
[Date "2017.04.14"]
[Round "2.13"]
[White "Mueller, Maximilian"]
[Black "Volkov, Sergey"]
[Result "1/2-1/2"]
[WhiteElo "2303"]
[BlackElo "2631"]
[PlyCount "86"]
[EventDate "2017.??.??"]
[WhiteClock "0:23:51"]
[BlackClock "0:38:49"]

1. d4 d5 2. Nf3 c5 3. c4 cxd4 4. cxd5 Nf6 5. Qxd4 Qxd5 6. Nc3 Qxd4 7. Nxd4 a6
8. g3 e5 9. Nc2 Bd7 10. Bg2 Bc6 11. O-O h6 12. Ne3 Bxg2 13. Kxg2 Nc6 14. Rd1
Bc5 15. Ned5 Nxd5 16. Nxd5 O-O-O 17. Be3 Bd4 18. Bxd4 Rxd5 19. Bc3 Rhd8 20.
Rxd5 Rxd5 21. Kf1 Kd7 22. e3 Ke6 23. Ke2 f5 24. e4 fxe4 25. Ke3 Kf5 26. g4+
Kxg4 27. Kxe4 Rd7 28. f4 exf4 29. Rg1+ Kh3 30. Rxg7 Rxg7 31. Bxg7 h5 32. Kxf4
h4 33. Bf6 Nb4 34. Ke4 Nxa2 35. Kd5 Nb4+ 36. Kc5 a5 37. Kb5 Nd5 38. Bxh4 Kxh4
39. Kxa5 Kg5 40. Kb5 Kf5 41. Kc5 Ke5 42. h4 b6+ 43. Kc6 Nb4+ 1/2-1/2